[Event "WchT Blitz Pool B"]
[Site "London"]
[Date "2025.06.14"]
[Round "10.6"]
[White "Cepoi, Gesneria Codruta"]
[Black "Amoako, Philip Selikem Yao"]
[Result "0-1"]
[WhiteElo "1598"]
[BlackElo "1948"]
[PlyCount "107"]
[EventDate "2025.06.14"]
[EventType "team-tourn"]
[EventRounds "13"]
[EventCountry "ENG"]
[SourceTitle "CB25_2025"]
[SourceDate "2025.06.18"]
[SourceVersion "1"]
[SourceVersionDate "2025.06.18"]
[SourceQuality "1"]
[WhiteTeam "Hammersmith"]
[BlackTeam "Mother Continent"]
[WhiteTeamCountry "ENG"]
[BlackTeamCountry "RSA"]

1. d4 d5 2. c4 e6 3. Nf3 Nf6 4. g3 Be7 5. Bg2 0-0 6. 0-0 c5 7. e3 Nc6 8. Nc3 a6 9. a4 Bd7 10. b3 Rc8 11. Ne5 h6 12. Bb2 cxd4 13. exd4 dxc4 14. bxc4 Be8 15. Ne2 Bd6 16. Nd3 Nb4 17. c5 Nxd3 18. Qxd3 Bxc5 19. Rfc1 Bd6 20. Bc3 b5 21. Rcb1 Nd5 22. Bd2 bxa4 23. Qxa6 Ra8 24. Qd3 Qe7 25. Ra2 Bd7 26. Rba1 a3 27. Nc3 Bc6 28. Ne4 Nb4 29. Bxb4 Bxb4 30. Nd2 Bxg2 31. Kxg2 Rfb8 32. Nc4 Qb7+ 33. f3 Qa6 34. Qc2 Rc8 35. Qb3 Qxc4 36. Qb1 Bc3 37. h4 Bxa1 38. Qxa1 Rcb8 39. Kh3 Rb2 40. Rxb2 axb2 41. Qxa8+ Kh7 42. Qb7 Qc2 43. Qe4+ Qxe4 44. fxe4 b1Q 45. d5 exd5 46. exd5 Qe4 47. d6 Qc6 48. d7 Qxd7+ 49. Kg2 Kg6 50. Kf3 Kf5 51. g4+ Ke5 52. h5 Qd3+ 53. Kg2 Kf4 54. Kg1 0-1

[Event "WchT Blitz Pool B"]
[Site "London"]
[Date "2025.06.14"]
[Round "1.6"]
[White "Cepoi, Gesneria Codruta"]
[Black "Ding, Yihua"]
[Result "1-0"]
[WhiteElo "1598"]
[BlackElo "1536"]
[PlyCount "96"]
[EventDate "2025.06.14"]
[EventType "team-tourn"]
[EventRounds "13"]
[EventCountry "ENG"]
[SourceTitle "CB25_2025"]
[SourceDate "2025.06.18"]
[SourceVersion "1"]
[SourceVersionDate "2025.06.18"]
[SourceQuality "1"]
[WhiteTeam "Hammersmith"]
[BlackTeam "Desert Penguins"]
[WhiteTeamCountry "ENG"]
[BlackTeamCountry "ENG"]

1. d4 Nf6 2. c4 e6 3. Nf3 b6 4. g3 Bb7 5. Bg2 Be7 6. 0-0 0-0 7. Nc3 d6 8. Re1 Nbd7 9. e4 e5 10. d5 Rc8 11. b4 a6 12. Bb2 h6 13. a4 a5 14. bxa5 bxa5 15. Ba3 Re8 16. Rb1 Ba6 17. Nb5 Nb6 18. Nd2 Qd7 19. Qe2 c6 20. dxc6 Qxc6 21. Na7 Qc7 22. Nxc8 Rxc8 23. Rec1 Qd7 24. Rxb6 Bb7 25. Rb5 Ra8 26. h3 Bc6 27. Rb6 Bxa4 28. Qd3 Qe8 29. Bxd6 Rd8 30. c5 Bxd6 31. cxd6 Bd7 32. Qa6 Ra8 33. Qb7 Be6 34. Nc4 Qd8 35. Nxe5 Qe8 36. Rd1 Qf8 37. d7 Qd8 38. Nc6 Qf8 39. d8Q Rxd8 40. Rxd8 Ne8 41. Ne7+ Kh8 42. e5 Kh7 43. Be4+ Kh8 44. Bg6 fxg6 45. Nxg6+ Kh7 46. Nxf8+ Kg8 47. Qe7 Kh8 48. Rxe8 Bg8 1-0

[Event "WchT Rapid"]
[Site "London"]
[Date "2025.06.13"]
[Round "11.6"]
[White "Cepoi, Gesneria Codruta"]
[Black "Regan, Natasha"]
[Result "0-1"]
[WhiteElo "1599"]
[BlackElo "1905"]
[PlyCount "140"]
[EventDate "2025.06.11"]
[EventType "team-swiss"]
[EventRounds "12"]
[EventCountry "ENG"]
[SourceTitle "CB25_2025"]
[SourceDate "2025.06.18"]
[SourceVersion "1"]
[SourceVersionDate "2025.06.18"]
[SourceQuality "1"]
[WhiteTeam "Hammersmith"]
[BlackTeam "Sassy Seniors"]
[WhiteTeamCountry "ENG"]
[BlackTeamCountry "ENG"]

1. d4 d5 2. c4 dxc4 3. Nf3 Nf6 4. g3 Nc6 5. Bg2 e5 6. e3 e4 7. Nfd2 Bg4 8. Qa4 a6 9. Qxc4 Be6 10. Qc3 Bb4 11. Qc2 0-0 12. 0-0 Bxd2 13. Bxd2 Re8 14. Rc1 Bf5 15. b4 h5 16. f3 Qd7 17. Qc5 exf3 18. Bxf3 Ne4 19. Bxe4 Rxe4 20. Nc3 Rg4 21. Nd5 h4 22. Be1 Be4 23. Nc3 Bg6 24. a4 Re8 25. Bf2 Ne7 26. Ne2 c6 27. Nf4 Be4 28. h3 hxg3 29. hxg4 gxf2+ 30. Kxf2 Qxg4 31. Qh5 Qxh5 32. Nxh5 Nd5 33. Rg1 Bg6 34. Nf4 Nxf4 35. exf4 Re4 36. b5 Rxd4 37. bxc6 bxc6 38. Rac1 Rxf4+ 39. Kg3 Rf6 40. Rc5 Be4 41. Rc3 Bd5 42. Rgc1 g6 43. Re3 Kg7 44. Rcc3 Rd6 45. Re7 Kf6 46. Ra7 Ke5 47. Rxa6 f5 48. Ra5 Kd4 49. Rac5 Re6 50. a5 g5 51. a6 Re1 52. Rc1 Re3+ 53. Kf2 Ra3 54. R5c2 Rxa6 55. Rd2+ Ke5 56. Re1+ Kf6 57. Re3 f4 58. Red3 Kf5 59. Rh3 Ra4 60. Rh7 Ra3 61. Rg7 g4 62. Rd7 g3+ 63. Kg1 Kg4 64. Rg7+ Kf3 65. Rd1 Ra2 66. Re7 Rg2+ 67. Kh1 Rh2+ 68. Kg1 Kg4 69. Rg7+ Kf5 70. Rd3 Rh1# 0-1

[Event "WchT Rapid"]
[Site "London"]
[Date "2025.06.12"]
[Round "5.6"]
[White "Cepoi, Gesneria Codruta"]
[Black "Schuster, Rebekka"]
[Result "1-0"]
[WhiteElo "1599"]
[BlackElo "1874"]
[PlyCount "209"]
[EventDate "2025.06.11"]
[EventType "team-swiss"]
[EventRounds "12"]
[EventCountry "ENG"]
[SourceTitle "CB25_2025"]
[SourceDate "2025.06.18"]
[SourceVersion "1"]
[SourceVersionDate "2025.06.18"]
[SourceQuality "1"]
[WhiteTeam "Hammersmith"]
[BlackTeam "Berlin Lasker Legends"]
[WhiteTeamCountry "ENG"]
[BlackTeamCountry "GER"]

1. d4 e6 2. c4 f5 3. Nf3 Nf6 4. g3 Be7 5. Bg2 0-0 6. 0-0 d6 7. Nc3 Ne4 8. Nxe4 fxe4 9. Nd2 d5 10. f3 Nc6 11. e3 Na5 12. fxe4 Rxf1+ 13. Qxf1 c5 14. exd5 Qb6 15. Qd3 cxd4 16. exd4 e5 17. c5 Qb4 18. d6 Bf6 19. a3 Qxd4+ 20. Qxd4 exd4 21. b4 d3 22. Rb1 Nc6 23. Ne4 Bd4+ 24. Kf1 Bg4 25. Bf4 h6 26. Nf2 Be2+ 27. Ke1 g5 28. Bd2 Rf8 29. Nxd3 Bxd3 30. Rb3 Re8+ 31. Kd1 Bc4 32. Rb1 Ba2 33. Rc1 Bb3+ 34. Rc2 Bxc2+ 35. Kxc2 Re2 36. Bd5+ Kf8 37. Kd3 Rxh2 38. Bxc6 bxc6 39. Kxd4 Rxd2+ 40. Ke5 Kf7 41. g4 Rd3 42. a4 Rb3 43. b5 cxb5 44. c6 bxa4 45. c7 Rc3 46. d7 Rxc7 47. d8Q Re7+ 48. Kd4 Ke6 49. Qd5+ Kf6 50. Qf5+ Kg7 51. Kc4 a3 52. Kb3 Re3+ 53. Ka2 a5 54. Qd7+ Kf6 55. Qd4+ Re5 56. Kxa3 Ke6 57. Qb6+ Kd5 58. Qxa5+ Ke4 59. Qb4+ Kf3 60. Qf8+ Kxg4 61. Qxh6 Re3+ 62. Kb4 Kf4 63. Qf6+ Kg4 64. Kc4 Rf3 65. Qe6+ Kh4 66. Kd4 Rf4+ 67. Ke3 Kg3 68. Qe5 Kg4 69. Qe6+ Kh4 70. Qh6+ Kg4 71. Qh1 Kf5 72. Qg2 Kf6 73. Qg3 Kf5 74. Qh3+ Kf6 75. Qh7 Rf5 76. Qh6+ Ke5 77. Qg6 Rf6 78. Qxg5+ Rf5 79. Qe7+ Kd5 80. Qd7+ Ke5 81. Qd4+ Ke6 82. Qg4 Ke5 83. Qg7+ Ke6 84. Qb7 Ke5 85. Qb8+ Ke6 86. Ke4 Rg5 87. Qc8+ Kf6 88. Kf4 Rh5 89. Qd8+ Kg6 90. Kg4 Rh7 91. Qg8+ Rg7 92. Qe6+ Kh7+ 93. Kh5 Kh8 94. Qe5 Kh7 95. Qf5+ Kg8 96. Kh6 Rf7 97. Qe6 Kf8 98. Kg6 Re7 99. Qd6 Ke8 100. Kf6 Rd7 101. Qb8+ Rd8 102. Qb5+ Kf8 103. Qb4+ Kg8 104. Qg4+ Kf8 105. Qg7+ 1-0